000 005100000a22001810004500
003 MACL
005 20160421152106.0
008 160421b xxu||||| |||| 00| 0 eng d
040 _aMACL
_cMACL
041 _aHindi
082 _a792
100 _aप्रहलाद अग्रवाल
_953084
245 _aओ रे मॉझी
260 _aगाजियाबाद
_bसाहित्‍य सम्‍पदा
_c2011
350 _a300
650 _aCinema
_953182
942 _cHIN
_k796
_2ddc
999 _c47236
_d47236